000 00574nam a2200193 i 4500
001 26308
003 ES-MaACL
005 20240127062958.0
007 t|
008 030108s1878 it ||||1| ita d
100 0 _aDante Alighieri,
_d1265-1321
_942657
245 1 3 _aLa vita nuova ;
_bIl convito ; Il canzoniere /
_cDante Alighieri.
260 _aMilano :
_bEdoardo Sonzogno,
_c1878.
300 _a325 p. ;
_c18 cm.
740 3 2 _aIl convito.
740 3 2 _aIl canzoniere.
852 _aES-MaACL
_jG-10423(2)
_z- Enc. con otras obras
999 _c26308
_d26308